| 000 | 00416cam a2200169ua 4500 | ||
|---|---|---|---|
| 020 | _c1.50 | ||
| 041 |
_amal _h |
||
| 082 |
_a894.8121 _bPAR/KI |
||
| 100 | _aParameswara Aiyer, Ullur S. | ||
| 245 |
_aKiranavali / _cUllur S Parameswara Iyer. _hTextual Documents |
||
| 260 |
_aUllur : _bUllur Publishers , _c1963. |
||
| 300 | _a109 ; . | ||
| 365 | _a1.50 | ||
| 504 | _a | ||
| 942 | _cBK | ||
| 999 |
_c4948 _d4948 |
||